Totožnosť: žena Literárne pásmo o tvorbe Lýdie Vadkertiovej

Podrobná bibliografia
Hlavný autor: J.A (Autor)
Médium: Článok
Jazyk:slovenčina
Fyzický popis:Fot. 1.
Predmet:

MARC

LEADER 00000nab a2200000 a 4500
001 vtls000168245
003 SK-MaSNL
005 20260426052754.0
008 160215c1983 xo 0 slo
015 |a SNBRB19rr/mm-uuuuu 
035 |a CL0178356 
040 |a SNKBUCL  |b slo  |c SNKBUCL  |e AACR2 
041 0 |a slo 
044 |a xo  |c SK 
080 |a 82:929:885.4  |2 1981 
080 |a 885.4  |2 1981 
080 |a 929 Vadkerti-Gavorníková, Lýdia  |2 1981 
080 |a 7.096  |2 1981 
100 1 |a J.A.  |4 aut  |9 924916 
245 1 0 |a Totožnosť: žena  |b Literárne pásmo o tvorbe Lýdie Vadkertiovej  |c J.A. 
300 |b Fot. 1. 
600 1 7 |a Vadkerti-Gavorníková, Lýdia,  |d 1932-1999  |2 snkbucl  |9 227227 
655 7 |a články z novín a časopisov  |2 snkbucl  |9 267496 
655 7 |a články z odboru literárna veda a krásna literatúra  |2 snkbucl  |9 770045 
773 0 |t Rozhlas  |g Č. 49 (1983), s. /3/ 
850 |a Slovenská národná knižnica v Martine  |a MTA001 
852 |a SNK  |b KIS3GCP 
958 |a BX 
958 |a RK 
958 |a LX 
992 |a RBX 
999 |c 2076839  |d 2078769